01585agaaa2200325 45000010005000000030009000050050017000140070009000310080040000400400023000800410013001031000054001161300022001702450122001922500022003142600118003363000033004545080069004875110021005565200116005775380016006935460013007096500065007227000069007877000066008567000069009229420012009919990019010039520237010226158IT-RoPAU20220918181224.0d cvaizq50131s9999||||xx ||| | || ||und|| aIT-RoPAUcIT-RoPAU aITALIANO aDi Carlo CarlogCodice regista SPICS: 7226937436 aMARZABOTTO937437 aMARZABOTTOcProdotto da: Di Carlo Carlo Diretto da: Di Carlo CarlopMARZABOTTO (Rif. Codice opera principale : 26158) aEdizione Standard a(ITALIA)bSENZA EDITRICE O NON IDENTIFICATA / Distribuzione: RAIg"1984 (1° ed.: 1984 ; Ed. Lingua Orig.: 1984)" aVHSbsonoro, col.c30 minuti a"Montaggio: Di Carlo C. Pascucci; Musica: Battistelli Giorgio; " aModugno Ludovica aDOCUMENTARIO STORICO SUI MORTI DI MARZABOTTO DEL 1944 STRAGE COMANDATA DA ROEDER NEL '44 RIEVOCATA 44 ANNI DOPO aPAL, STEREO aITALIANO aDOCUMENTARIOeFILMS [VHS]xCodice MATERIA SPICS: 9960934095 aBattistelli Giorgioe(musica)gCodice Musica SPICS: 30734937438 aDi Carlo Carlo e(regista)gCodice regista SPICS: 7226937439 aRoversi Roberto e(soggetto)gCodice Soggetto SPICS: 1812937440 cVH2ddc c104747d104747 001040626158_00000000000000071aSPICSbSPICSd2015-01-31l0o26158r2015-01-31 00:00:00w2015-01-31yVHzProgr. Ins.: 1574 / N.Vol.:1 / Copie: 1 / Pag.: / Copia rara: NO / date import: 1.2.2015 / By Epidotti, Trombetti, Vaglietti